| 000 | 00347nam a2200145Ia 4500 | ||
|---|---|---|---|
| 005 | 20251222175919.0 | ||
| 008 | 251222s9999||||xx |||||||||||||| ||spa|| | ||
| 020 | _a9586003752 | ||
| 082 | _a657.92/G86 | ||
| 100 | _aGudiño Dávila, Enma Lucia | ||
| 245 | 0 | _aContabilidad Perú 2000 | |
| 250 | _a2da.ed. | ||
| 264 | _bMcGraw-Hill | ||
| 942 | _cLIB | ||
| 999 |
_c40595 _d40595 |
||